Mélanges de drapeaux #1 - Statistiques

Statistiques générales
  • Ce quiz a été pris 12 206 fois
  • Le résultat moyen est 16 sur 20
Statistiques - réponses
Drapeaux Réponse % Correct
9-A529-A0-F-6109-42-F6-91-FA-C6-FC4-EDE6-A29 Brésil
99%
17007-D05-E267-474-B-AE5-A-957-C2646992-D Espagne
99%
66-E35345-A547-408-A-89-A3-08-B65689063-D Afrique du sud
96%
5-BB355-CF-B42-E-4116-88-D2-676-F096-AE82-C Canada
96%
427990-F9-120-F-4-FAB-B071-E14489-DC9-B29 Suède
95%
8050-CBB2-E2-ED-455-A-A809-359-D48143-BB5 Argentine
94%
9-A529-A0-F-6109-42-F6-91-FA-C6-FC4-EDE6-A29 Corée du Sud
93%
8-A37-B5-FE-1-B97-42-F5-BF0-C-5-C3973958-BEA Uruguay
90%
87-DC36-F9-EBA8-4-D2-D-ABE9-CC1-F1092465-B Macédoine du nord
88%
57-DF292-B-BD73-48-D3-BCFD-22-A9977-E2903 Bosnie-Herzégovine
79%
3-A5-ADD4-A-08-B3-4-BA1-8-A8-C-BBD3-AFE3-A159 Kazakhstan
79%
17007-D05-E267-474-B-AE5-A-957-C2646992-D Serbie
78%
8-A37-B5-FE-1-B97-42-F5-BF0-C-5-C3973958-BEA Grèce
75%
5-BB355-CF-B42-E-4116-88-D2-676-F096-AE82-C Kosovo
75%
427990-F9-120-F-4-FAB-B071-E14489-DC9-B29 Islande
71%
8050-CBB2-E2-ED-455-A-A809-359-D48143-BB5 Éthiopie
69%
66-E35345-A547-408-A-89-A3-08-B65689063-D Philippines
61%
57-DF292-B-BD73-48-D3-BCFD-22-A9977-E2903 Papouasie-Nouvelle-Guinée
60%
87-DC36-F9-EBA8-4-D2-D-ABE9-CC1-F1092465-B Kiribati
54%
3-A5-ADD4-A-08-B3-4-BA1-8-A8-C-BBD3-AFE3-A159 Rwanda
35%
Aucun quiz correspondant
Distribution des résultats
% des personnes avec chaque résultat
Percentile par nombre de réponses
Votre historique - résultats
Vous n’avez pas pris ce quiz